Principios de Derecho Penal econm̤ico

Detalles Bibliográficos
Autor principal: Varela, Lorena
Otros Autores: Mansdr̲fer, Marco
Formato: eBook
Lenguaje:español
Publicado: Barcelona: J.M. Bosch Editor, 2021
Materias:
Acceso en línea:Acceso restringido

MARC

LEADER 00000nam a22000007a 4500
005 20220831213614.0
007 cr|||| ||||
008 220831s2021 es |||||s|||| 00||0 spa d
020 |a 978-84-124357-3-3 
035 |a 36311 
040 |a vLex 
090 |c 13853  |d 13853 
100 1 |a Varela, Lorena 
245 1 0 |a Principios de Derecho Penal econm̤ico  |h [Recurso electrn̤ico] /  |c Lorena Varela, Marco Mansdr̲fer 
256 |a Servicio en ln̕ea 
260 |a Barcelona:  |b J.M. Bosch Editor,  |c 2021 
300 |a 1 recurso electrn̤ico 
506 1 |a Disponible solo en los productos indicados  |d vLex Global  |d vLex Global (Academic Edition, excluding Law Schools)  |d vLex Global (U.S. Academic Edition, Law Schools)  |d vLex Global (U.S. Academic Edition, excluding Law Schools)  |d vLex Global (Academic Edition, Law Schools) 
650 0 4 |a Derecho Penal  |z Espaą 
700 1 |a Mansdr̲fer, Marco 
740 0 |a vLex Libros (Servicio en ln̕ea) 
856 4 0 |u https://app.vlex.com/#/sources/36311  |z Acceso restringido 
942 |c BOOK 
999 0 |a Criminal law